Criminal procedure for the criminal justice professional. / (Record no. 5316)

MARC details
000 -LEADER
fixed length control field 01516nam a22001937a 4500
008 - FIXED-LENGTH DATA ELEMENTS--GENERAL INFORMATION
fixed length control field 150128b xxu||||| |||| 00| 0 eng d
020 ## - INTERNATIONAL STANDARD BOOK NUMBER
International Standard Book Number 9780495507215
050 ## - LIBRARY OF CONGRESS CALL NUMBER
Classification number KF9619.F47
100 ## - MAIN ENTRY--PERSONAL NAME
Personal name Ferdico, John N.
245 ## - TITLE STATEMENT
Title Criminal procedure for the criminal justice professional. /
Statement of responsibility, etc. John N. Ferdico, Henry F. Fradella and Christopher D. Totten
250 ## - EDITION STATEMENT
Edition statement 10th. ed
260 ## - PUBLICATION, DISTRIBUTION, ETC.
Place of publication, distribution, etc. Usa:
Name of publisher, distributor, etc. Wadsworth, Cengage Learning,
Date of publication, distribution, etc. 2009.
300 ## - PHYSICAL DESCRIPTION
Extent xx, 842p.:
Other physical details ills,
Dimensions 26cm.
500 ## - GENERAL NOTE
General note Includes Index.
505 ## - FORMATTED CONTENTS NOTE
Formatted contents note Contents: Framework for the study of criminal procedure: Individual rights under the United States constitution -- Criminal courts, pretrial processes and trials -- Basic Underlying concepts: the exclusionary rule, privacy, probable cause, and reasonableness -- Search warrants, arrests, stops and frisks: Criminal investigatory search warrants -- Administrative searches, special needs searches and electronic surveillance -- Arrest -- Stops and frisks -- Exceptions to the searches incident to arrest and protective sweeps -- Consent searches -- The Plain view doctrine -- Searches incident to arrest and protective sweeps -- Consent searches -- The Plain view doctrine -- Search and seizure of vehicles and containers -- Open fields and abandoned property -- Criminal procedure and the fifth and sixth amendments: Interrogations, admissions, and confessions -- Pretrial visual identification procedures.
700 ## - ADDED ENTRY--PERSONAL NAME
Personal name Fradella, Henry F.
700 ## - ADDED ENTRY--PERSONAL NAME
Personal name Totten, Christopher D.
942 ## - ADDED ENTRY ELEMENTS (KOHA)
Source of classification or shelving scheme Library of Congress Classification
Koha item type Books
Holdings
Withdrawn status Lost status Source of classification or shelving scheme Damaged status Not for loan Home library Current library Shelving location Date acquired Total Checkouts Full call number Barcode Date last seen Copy number Price effective from Koha item type
    Library of Congress Classification     WISCONSIN INTERNATIONAL UNIVERSITY COLLEGE, GHANA - MAIN LIBRARY WISCONSIN INTERNATIONAL UNIVERSITY COLLEGE, GHANA - MAIN LIBRARY Law Library 28/01/2015   KF9619.F47 2444/1441/15 28/01/2015 1 28/01/2015 Books

If you have any concerns or questions; kindly contact the library


© Powered by WIUC ICT DIRECTORATE